01473nam a2200157 i 4500001000700000003000900007005001700016008004100033080001200074110004400086245009700130260007300227300002000300505094900320852004601269170833ES-MaACL20230906214454.0090408s1901 sp |||| | spa d a94(460)2 aReal Academia de la Historia (España)10aDiscursos leídos ante la Academia de la Historia, f1901 / cReal Academia de la Historia. aMadrid : b[s.n.], c1901 (fImp. de los Hijos de M. G. Hernández) a1 v. ; c25 cm.8 aContiene: Toledo en el siglo XVI: después del vencimiento de las comunidades; Noticias bio-bibliográficas de Pedro de Madrazo y Kuntz / Jerónimo López de Ayala y Álvarez de Toledo (258 p.). Contestación / Juan de Dios de la Rada y Delgado (p. 259-271). La moneda castellana; Datos biográficos de D. Valentín Carderera y Solano / Antonio Vives (36 p.). Contestación / Eduardo Saavedra (p. 37-55). Matrimonios en España y en Francia en 1615 / Francisco Silvela de le Vielleuze (54 p.). Contestación / José María Asensio y Toledo (p. 55-65). Carácter de la conquista y colonización de las islas Canarias; Apuntes biográficoas de D. Luis Vidart y Schuch / Rafael Torres Campos (249 p.). Medallas de los gobernadores de los Países Bajos en el reinado de Felipe II; Noticia biográfica de D. Víctor Balaguer y Cirera / Adolfo Herrera y Chiesanova (57 p.). Contestación / Cesáreo Fernández Duro (p. 59-71). aES-MaACLjK-128 z- Enc. pasta española